Random Fallout Trivia (3 and New Vegas only) - Statistics

General Stats
  • This quiz has been taken 237 times
    234 since last reset
  • The average score is 11 of 15
Answer Stats
Hint Answer % Correct
Brotherhood of ________ Steel
93%
most deadly enemy on fallout both games? deathclaw
91%
dog on fallout new vagas? rex
91%
______ chip (New Vegas) platinum
86%
wasteland on New Vegas? Mojave
84%
DJ on the main Fallout 3 radio? three dog
84%
lucky __ casino 38
82%
wasteland on fallout 3? capital
78%
cave inhabited by kids? Little Lamplight
76%
supermutant follower on fallout 3? fawkes
74%
doctor that patches you up in New Vegas at the start? doc mitchell
70%
Deathclaww riddled area on New Vegas Quarry Junction
57%
highest ranked supermutant? overlord
40%
unique shotgun on fallout 3? the terrible shotgun
34%
unique gatling laser on Fallout 3? Vengence
14%
No matching quizzes found
Score Distribution
Percent of People with Each Score
Percentile by Number Answered
Your Score History
You have not taken this quiz since the last reset